书目信息 |
| 题名: |
MODIS遥感信息处理原理与算法
|
|
| 作者: | 刘玉洁 编著 | |
| 分册: | ||
| 出版信息: | 北京 科学出版社 2001.05 |
|
| 页数: | 346页 | |
| 开本: | 26cm | |
| 丛书名: | ||
| 单 册: | ||
| 中图分类: | TP751 | |
| 科图分类: | ||
| 主题词: | 遥感图象--图象解译 , 遥感图象--图象识别 , 遥感图象--图象处理 | |
| 电子资源: | ||
| ISBN: | 7-03-009229-5 | |
| 000 | 00661nam0 2200217 45 | |
| 001 | 0254579789 | |
| 005 | 2002041115093957 | |
| 010 | @a7-03-009229-5@dRMB 55.00 | |
| 100 | @a20020411d2001 km y0chiy0120 ea | |
| 101 | 0 | @achi |
| 102 | @aCN@b110000 | |
| 200 | 1 | @aMODIS遥感信息处理原理与算法@AMODIS yao gan xin xi chu li yuan li yu suan fa@f刘玉洁等编著@Fliu yu jie deng bian zhu |
| 210 | @a北京@c科学出版社@d2001.05 | |
| 215 | @a346页@d26cm | |
| 606 | 0 | @a遥感图象@x图象解译 |
| 606 | 0 | @a遥感图象@x图象识别 |
| 606 | 0 | @a遥感图象@x图象处理 |
| 690 | @aTP751@v3 | |
| 701 | 0 | @a刘玉洁@Aliu yu jie@4编著 |
| 801 | 0 | @aCN@bPFT@c20020411 |
| 905 | @a10447@dTP751@eL710 | |
| MODIS遥感信息处理原理与算法/刘玉洁等编著.-北京:科学出版社,2001.05 |
| 346页;26cm |
| ISBN 7-03-009229-5:RMB 55.00 |
| ● |
| 相关链接 |
|
|
|
正题名:MODIS遥感信息处理原理与算法
索取号:TP751/L710
 
预约/预借
| 序号 | 登录号 | 条形码 | 馆藏地/架位号 | 状态 | 备注 |
| 1 | 357953 | 203579537 | 自科库301/301自科库 136排2列3层/ [索取号:TP751/L710] | 在馆 | |
| 2 | 357954 | 203579546 | 自科二线404/404自科库 15排1列4层/ [索取号:TP751/L710] | 在馆 | |
| 3 | 357955 | 203579555 | 期刊室512/301自科库 136排2列3层/ [索取号:TP751/L710] | 在馆 |